Multiplex Constructions (UK) Limited v Cleveland Bridge UK Limited and Cleveland Bridge Dorman Long Engineering Ltd (No.7) (Record no. 80902)

MARC details
000 -LEADER
fixed length control field 02091cab a22002775a 4500
001 - CONTROL NUMBER
control field L145615
008 - FIXED-LENGTH DATA ELEMENTS--GENERAL INFORMATION
fixed length control field 081027e20080929xxk v 000 0 eng u
035 ## - SYSTEM CONTROL NUMBER
System control number (Sirsi) u145615
041 0# - LANGUAGE CODE
Language code of text/sound track or separate title eng
245 00 - TITLE STATEMENT
Title Multiplex Constructions (UK) Limited v Cleveland Bridge UK Limited and Cleveland Bridge Dorman Long Engineering Ltd (No.7)
260 ## - PUBLICATION, DISTRIBUTION, ETC.
Date of publication, distribution, etc. 2008
520 ## - SUMMARY, ETC.
Summary, etc. [2008] EWHC 2280 (TCC) , 29 September 2008. The case turned around the determination of costs of damages for breach of contract and for legal costs. Multiplex Constructions Limited (M), main contractor for the construction of the National Wembley Stadium, contracted with Cleveland Bridge (C) for steel work. Following several disagreements, C parted from M. M claimed damages against C for breach of contract. The Court of Appeal ruled that C repudiated the sub-contract. Therefore, C had to pay M damages for breach of contract and interest. M claimed that C should pay all the legal costs. C claimed that M should pay a certain amount of the costs. Held: M was entitled to an order for costs. A final determination of costs should be decided after examination of the parties' attitude. Both parties acted in a wrong way. C, as a debtor, should have made an offer to M to settle the issues. C had to pay M 20% of the legal costs. Each side should bear its own costs in relation to preliminary issue 11.
520 ## - SUMMARY, ETC.
Summary, etc. See also L133948 and L145611
590 ## - LOCAL NOTE (RLIN)
Local note KA
650 24 - SUBJECT ADDED ENTRY--TOPICAL TERM
Topical term or geographic name entry element MULTIPLEX CONSTRUCTIONS (UK) LTD V CLEVELAND BRIDGE UK LTD AND ANOTHER
650 24 - SUBJECT ADDED ENTRY--TOPICAL TERM
Topical term or geographic name entry element CARVER V BAA PLC
650 24 - SUBJECT ADDED ENTRY--TOPICAL TERM
Topical term or geographic name entry element HALL V STONE
650 24 - SUBJECT ADDED ENTRY--TOPICAL TERM
Topical term or geographic name entry element STRAKER V TUDOR ROSE
650 24 - SUBJECT ADDED ENTRY--TOPICAL TERM
Topical term or geographic name entry element ASPIN V METRIC GROUP LIMITED
650 24 - SUBJECT ADDED ENTRY--TOPICAL TERM
Topical term or geographic name entry element NATIONAL WESTMINSTER BANK PLC V KOTONOU
651 #4 - SUBJECT ADDED ENTRY--GEOGRAPHIC NAME
Geographic name England and Wales
Chronological subdivision 1543-
690 ## - LOCAL SUBJECT ADDED ENTRY--TOPICAL TERM (OCLC, RLIN)
Topical term or geographic name as entry element MANAGEMENT-DISPUTE AVOIDANCE, MANAGEMENT AND RESOLUTION-DISPUTE MANAGEMENT AND RESOLUTION
690 ## - LOCAL SUBJECT ADDED ENTRY--TOPICAL TERM (OCLC, RLIN)
Topical term or geographic name as entry element BUILT ENVIRONMENT-CONSTRUCTION MANAGEMENT-BUILDING CONTRACT ADMINISTRATION
856 40 - ELECTRONIC LOCATION AND ACCESS
Uniform Resource Identifier <a href="https://www.bailii.org/ew/cases/EWHC/TCC/2008/2280.html">https://www.bailii.org/ew/cases/EWHC/TCC/2008/2280.html</a>
Public note View the item free of charge at www.bailii.org...
942 ## - ADDED ENTRY ELEMENTS (KOHA)
Suppress in OPAC 0
Holdings
Withdrawn status Lost status Source of classification or shelving scheme Damaged status Not for loan Home library Current library Shelving location Date acquired Total Checkouts Full call number Barcode Date last seen Copy number Price effective from Koha item type
    Dewey Decimal Classification     Virtual Virtual Online 27/10/2008   ONLINE PUBLICATION 145615-2001 06/08/2019 1 06/08/2019 Law report